| 000 | 00983nam0a22002531 4500 | ||
|---|---|---|---|
| 001 | rc\733418 | ||
| 005 | 20040301141759.9 | ||
| 035 | _a(NLR Aleph) 006263712 | ||
| 090 |
_a6875932 _c6875932 |
||
| 100 | _a20040301d1985 u |0rusy50 ca | ||
| 101 | 0 | _arus | |
| 102 | _aRU | ||
| 105 | _aa ||||||||| | ||
| 200 | 1 |
_aЭффективность деятельности научных коллективов в промышленности _eТеория и методы оценки _fВ.А. Покровский, Г.М. Деркач, А.Ю. Рубанов |
|
| 210 |
_aМ. _cЭкономика _d1985 |
||
| 215 |
_a159 с. _cсхем. _d20 |
||
| 700 | 1 |
_aПокровский _bВ. А. _gВладимир Анатольевич |
|
| 701 | 1 |
_aДеркач _bГ. М. _gГерман Михайлович |
|
| 701 | 1 |
_aРубанов _bА. Ю. _gАлександр Юрьевич |
|
| 801 | 0 |
_aRU _bNLR _gpsbo |
|
| 801 | 1 |
_aRU _bELAR _2rusmarc |
|
| 852 |
_aNLR _j85-3/12283 |
||
| 942 | _cBOOK | ||
| 980 | _aNB | ||